Εξαγωγές & μικρομεσαίες επιχειρήσεις : διπλωματική εργασία

Saved in:
Bibliographic Details
Main Author: Μυστηλιάδης, Φίλιππος
Corporate Author: Πανεπιστήμιο Αιγαίου Σχολή Επιστημών της Διοίκησης Τμήμα Διοίκησης Επιχειρήσεων - Τ.Δ.Ε
Other Authors: Αναστασόπουλος, Γιώργος Α. (Thesis advisor), Μαρούδας, Λεωνίδας Ε. (Thesis advisor)
Format: Thesis Book
Language:Greek
Published: 2003
Subjects:
Tags: Add Tag
No Tags, Be the first to tag this record!

MARC

LEADER 00000cam a2200000 i 4500
001 1/42699
008 031017s2003 gre d
035 |l 10071216 
040 |a GR-MY-UA  |b gre  |e aacr 
041 0 |a gre 
082 0 |a 382.6  |2 (22) 
100 1 |a Μυστηλιάδης, Φίλιππος. 
245 1 0 |a Εξαγωγές & μικρομεσαίες επιχειρήσεις :  |b διπλωματική εργασία /  |c Φίλιππος Μυστηλιάδης ; Α' Βαθμολογητής: Γ. Αναστασσόπουλος ; Β' Βαθμολογητής: Λ. Μαρούδας 
246 3 3 |a Εξαγωγές και μικρομεσαίες επιχειρήσεις 
260 |c 2003 
300 |a 83 σ.;  |b πιν.;  |c 30 εκ. 
502 |a Πτυχιακή εργασία – Πανεπιστήμιο Αιγαίου, Χίος, 2003. 
504 |a Περιλαμβάνει βιβλιογραφία 
610 2 0 |a Πανεπιστήμιο Αιγαίου. 
650 0 0 |a Exports. 
650 0 0 |a Small business. 
650 0 0 |a Dissertations, Academic  |z Greece. 
700 1 |a Αναστασόπουλος, Γιώργος Α.  |4 ths 
700 1 |4 ths  |a Μαρούδας, Λεωνίδας Ε. 
710 1 |a Πανεπιστήμιο Αιγαίου  |b Σχολή Επιστημών της Διοίκησης  |b Τμήμα Διοίκησης Επιχειρήσεων - Τ.Δ.Ε. 
852 |a INST  |b CHIOS  |c DIATR  |e 20031017  |h 382.6 ΜΥΣ  |p 005200013220  |q 005200013220  |t DIE  |y 23 
852 |a INST  |b CHIOS  |c DIATR  |e 20040217  |h 382.6 ΜΥΣ  |p 005200023584  |q 005200023584  |t DIE  |y 23 
901 |a BIBL2-2003-3 
901 |a BIBL2-2004-1 
909 |a Χ  |b 104764 
909 |a Χ  |b 108568 
924 |a Μυστηλιάδης  |b Φίλιππος  |y Χίος  |z 2003-07 
970 |a Βασιλάκη  |b Νίκη  |z 2003/10/17